00546nam a22001457a 4500008004100000020001500041040001500056050002700071245008700098260006400185300001400249650005200263650005500315700003000370200121b xxu||||| |||| 00| 0 eng d a9966896589 aKABUcKABU aS535b.K4A37 2002 c. 1 aAgricultural education in Kenya and Tanzania (1968-1998)cDavid Ngugi ...[et al.]. aNairobi, KenyabRegional Land Management Unit (RELMA)c2002 ax, 113 p. aAgriculturevStudy and teaching (Higher)zKenya aAgriculturevStudy and teaching (Higher)zTanzania aNgugi, David ...[et al.].